000 01847cam a22003374a 4500
003 OSt
005 20150728150430.0
008 060331s2007 maua b 001 0 eng
010 _a 2006010876
020 _a0073041912 (student edition : alk. paper)
020 _a9780073041919 (student edition : alk. paper)
020 _a0073195839 (instructor's edition : alk. paper)
020 _a9780073195834 (instructor's edition : alk. paper)
020 _a0073290947 (set)
020 _a9780073290942 (set)
020 _a9780071265249
020 _a0071265244
040 _aSEKU
042 _apcc
050 0 0 _aTS 155
_b.S7 2007
100 1 _aStevenson, William J.
245 1 0 _aOperations management /
_cWilliam J. Stevenson.
250 _a9th ed.
260 _aBoston :
_bMcMcGraw-Hill Irwin,
_cc2007.
300 _axvi, 903 p. :
_bill. (chiefly col.) ;
_c29 cm.
440 4 _aThe McGraw-Hill/Irwin series operations and decision sciences
504 _aIncludes bibliographical references and indexes.
505 0 _aIntroduction to operations management -- Competitiveness, strategy, and productivity -- Forecasting -- System design -- Product and service design -- Reliability -- Strategic capacity planning for products and services -- Decision theory -- Process selection and facility layout -- Linear programming -- Design of work systems -- Learning curves -- Location planning and analysis -- The transportation model -- Quality -- Management of quality -- Quality control -- Acceptance sampling -- Supply chain management -- Inventory management and scheduling -- Inventory management -- Aggregate planning -- MRP and ERP -- JIT and lean operations -- Maintenance -- Scheduling -- Project management -- Management of waiting lines -- Waiting lines -- Simulation.
650 0 _aProduction management.
942 _2lcc
_cGEN
999 _c7467
_d7467